00483nam a2200193 a 4500001001300000003000900013005001700022008004100039020000800080082001500088100001500103245002200118260003000140300000800170500003500178505004100213650002000254700001500274nice12345678IN_TiNIC20260116012145.0050524s0000 cala grp 000 0 eng  ac200a297.8bHAF aHafiz, A T aApeal to Humanity aCalcuttabA.T.Hafizc0000 a16p aincludes index and biblioraphy2 aMiddle eastern world held at asmara, aJamaat-E-Islami1 aHafiz, A T